000 00199 a2200097 4500
001 4024
100 _aElliott, A
245 _aLaboratory instruments
260 _a
_bChapman
_c
090 _c3250
_d3250
942 _aNUST-CAE
_cM
_c25003
999 _c239097
_d239097